000 00734nam a2200241 i 4500
003 DO-SdBNP
005 20230918141005.0
006 a||||gr|||| 00| 0
007 ta
008 230914e1976 dr |||| |||| 00| 0 spa d
040 _aDO-SdBNP
_bspa
_cBNPHU
_erda
082 4 _222
_bE53p
110 2 _aInstituto Nacional de Educación Sexual (República Dominicana)
_92373
_eautor
245 1 0 _aEmbarazo, parto y lactancia. /
264 _aSanto Domingo :
_bInes,
_c1976
300 _a63 páginas :
_bIlustraciones ;
_c21 cm
336 _2rdacontent
_atexto
_btxt
337 _2rdamedia
_asin mediación
_bn
338 _2rdacarrier
_avolumen
_bnc
490 _aFolleto Popular ;
_v4
590 _aInventariado 2023 / MF
942 _2ddc
_cLBS1
999 _c54762
_d54762